000 00466nam a2200193Ia 4500
005 20240823012735.0
008 240823s9999||||xx |||||||||||||| ||und||
020 _a81-7808-549-6
041 _aENGLISH
082 _A005.72 P3
100 _a"Larman,Craig"
245 0 _aApplying UML and Patterns
250 _a2nd
260 _c2003
_b"Pearson Education,"
500 _aTRANSFERED
650 _aecno
_bInformation Technology
942 _cBK
999 _c165265
_d165265